| 000 | 01002nam a2200277Ia 4500 | ||
|---|---|---|---|
| 001 | dia_4004 | ||
| 003 | CHAP | ||
| 005 | 20230123121640.0 | ||
| 007 | ta | ||
| 008 | 220601s9999 mx f 000 0 spa d | ||
| 040 |
_amxchpua _cCHAP |
||
| 090 | _aFOLLETO 2548 | ||
| 110 |
_9169549 _aInstituto Nacional de Investigaciones Forestales y Agropecuarias (México) |
||
| 245 | 1 |
_aPungarabato, nueva variedad de ajonjolí para tierra caliente de Guerrero y Michoacán / _cInstituto Nacional de Investigaciones Forestales y Agropecuarias |
|
| 260 |
_aMéxico : _bInstituto Nacional de Investigaciones Forestales y Agropecuarias |
||
| 300 | _a8 páginas | ||
| 440 |
_942067 _aFolleto técnico _n1 |
||
| 500 | _aD. | ||
| 650 | 1 | 7 |
_aAjonjolí _93223 _xVariedades |
| 650 | 1 | 7 |
_aAjonjolí _93223 _zMéxico _zGuerrero |
| 650 | 1 | 7 |
_aAjonjolí _93223 _zMéxico _zMichoacán |
| 901 | _aFOLLETO 2548 | ||
| 902 | _aM | ||
| 905 | _a0000001987 mx A 0000000000spa00 | ||
| 942 |
_cFOLL _2local |
||
| 999 |
_c209440 _d209440 |
||